| 000 | 00397nam a2200157Ia 4500 | ||
|---|---|---|---|
| 008 | 230917s9999||||xx |||||||||||||| ||und|| | ||
| 040 |
_e109214 _aMAIN |
||
| 041 | _aEnglish | ||
| 082 | _a510.2462 G82A | ||
| 100 | _aGreenberg, Michael D | ||
| 245 | 0 | _aAdvanced engineering mathematics | |
| 250 | _a2nd ed. | ||
| 260 |
_aNew Delhi _bPearson Education _c2005 |
||
| 300 | _a1346 p. | ||
| 942 | _cBK | ||
| 999 |
_c129554 _d129554 |
||